Kraje według częściowego obrazu satelitarne #2 - Statystyki

Ogólne statystyki
  • Ten quiz został rozwiązany 412 razy
  • Średni wynik to 8 z 15
Statystyki odpowiedzi
Obrazkowy Odpowiedź % Poprawnych
Japonia
87%
Brazylia
80%
Dania
77%
Stany Zjednoczone
73%
Maroko
72%
Meksyk
71%
Hiszpania
69%
Nowa Zelandia
66%
Wielka Brytania
66%
Szwecja
45%
Sri Lanka
32%
Wenezuela
30%
Papua-Nowa Gwinea
20%
Południowa Afryka
14%
Wietnam
9%
Nie znaleziono quizów pasujących do podanych kryteriów
Rozkład punktacji
Procent ludzi z każdym wynikiem
Percentyl według liczby udzielonych odpowiedzi
Twoja historia wyników
Nie rozwiązałeś tego quizu